The Adoption of Intergrated Aquaculture-Agriculture and its Impact on Small-Scale Holder Fish Farmers: A Case Study of Ndola District, Zambia. (Record no. 1682)
[ view plain ]
| 000 -LEADER | |
|---|---|
| fixed length control field | 00544nam a22001457a 4500 |
| 005 - DATE AND TIME OF LATEST TRANSACTION | |
| control field | 20250228080552.0 |
| 008 - FIXED-LENGTH DATA ELEMENTS--GENERAL INFORMATION | |
| fixed length control field | 250228b |||||||| |||| 00| 0 eng d |
| 040 ## - CATALOGING SOURCE | |
| Original cataloging agency | KMU |
| Transcribing agency | KMU |
| Modifying agency | KMU |
| 100 ## - MAIN ENTRY--PERSONAL NAME | |
| Personal name | Hansingo, Elfridah |
| 245 ## - TITLE STATEMENT | |
| Title | The Adoption of Intergrated Aquaculture-Agriculture and its Impact on Small-Scale Holder Fish Farmers: A Case Study of Ndola District, Zambia. |
| Statement of responsibility, etc. | Elfridah Hansingo. |
| 260 ## - PUBLICATION, DISTRIBUTION, ETC. | |
| Place of publication, distribution, etc. | Chinsali: |
| Name of publisher, distributor, etc. | Kapasa Makasa University, |
| Date of publication, distribution, etc. | 2020. |
| 300 ## - PHYSICAL DESCRIPTION | |
| Extent | vii, 25p.: |
| Other physical details | ill; |
| Dimensions | 30 cm. |
| 650 ## - SUBJECT ADDED ENTRY--TOPICAL TERM | |
| Topical term or geographic name entry element | Fisheries and Aquaculture |
| 942 ## - ADDED ENTRY ELEMENTS (KOHA) | |
| Koha item type | Student Project Report |
| Suppress in OPAC | No |
| Withdrawn status | Lost status | Source of classification or shelving scheme | Damaged status | Not for loan | Collection | Home library | Current library | Shelving location | Date acquired | Total Checkouts | Date last seen | Price effective from | Koha item type |
|---|---|---|---|---|---|---|---|---|---|---|---|---|---|
| Dewey Decimal Classification | Reference | Kapasa Makasa University | Kapasa Makasa University | Reference | 28.02.2025 | 28.02.2025 | 28.02.2025 | Student Project Report |